TOP 3 bevölkerungsreichste Städte je Bundesland (DE) - Statistiken

Allgemein
  • Dieses Quiz wurde 352 mal gespielt
    286 seit der letzten Aktualisierung
  • Das Durchschnittsergebnis liegt bei 33 aus 43
Antwortstatistiken
Bundesland Einwohnerzahl 2018 Stadt % Korrekt
Baden-Württemberg 634.830 Stuttgart
99%
Bayern 1.471.508 München
98%
Berlin 3.644.826 Berlin
97%
Bremen 569.352 Bremen
97%
Hessen 753.056 Frankfurt am Main
97%
Hamburg 1.841.179 Hamburg
96%
Bayern 518.365 Nürnberg
95%
Brandenburg 178.089 Potsdam
94%
Nordrhein-Westphalen 1.085.664 Köln
93%
Nordrhein-Westphalen 587.010 Dortmund
92%
Sachsen 554.649 Dresden
92%
Sachsen 587.857 Leipzig
92%
Nordrhein-Westphalen 619.294 Düsseldorf
91%
Schleswig-Holstein 247.548 Kiel
91%
Saarland 180.741 Saarbrücken
91%
Bremen 113.634 Bremerhaven
89%
Rheinland-Pfalz 217.118 Mainz
89%
Mecklenburg-Vorpommern 208.886 Rostock
89%
Bayern 295.135 Augsburg
87%
Thüringen 269,88 Erfurt
86%
Sachsen-Anhalt 238.697 Magdeburg
85%
Mecklenburg-Vorpommern 95.818 Schwerin
85%
Hessen 278.342 Wiesbaden
85%
Baden-Württemberg 313.092 Karlsruhe
84%
Baden-Württemberg 309.370 Mannheim
79%
Sachsen 247.237 Chemnitz
75%
Schleswig-Holstein 89.504 Flensburg
72%
Schleswig-Holstein 217.198 Lübeck
72%
Thüringen 111.407 Jena
71%
Sachsen-Anhalt 239.257 Halle (Saale)
70%
Hessen 201.585 Kassel
70%
Niedersachsen 248.292 Braunschweig
68%
Brandenburg 100.219 Cottbus
66%
Brandenburg 72.124 Brandenburg an der Havel
62%
Thüringen 94.859 Gera
61%
Rheinland-Pfalz 110.636 Trier
60%
Niedersachsen 538.068 Hannover
56%
Niedersachsen 168.210 Oldenburg
52%
Rheinland-Pfalz 171.061 Ludwigshafen am Rhein
50%
Mecklenburg-Vorpommern 64.086 Neubrandenburg
45%
Saarland 41.811 Homburg
43%
Sachsen-Anhalt 82.111 Dessau-Roßland
41%
Saarland 46.469 Neunkirchen
12%
Keine übereinstimmenden Quizze gefunden
Verteilung der Resultate
Anzahl Personen mit jedem Resultat
Perzentil nach korrekt beantworteten Fragen
Ihre Resultats-Entwicklung
Sie haben dieses Quiz seit der letzten Aktualisierung nicht gespielt